[Event "4NCL/Div1a/WRO1 vs. CAMB1"]
[Site "Hinckley Island ENG"]
[Date "2008.12.07"]
[Round "4.5"]
[White "Gayson, Peter M"]
[Black "Alfred, Nathan"]
[Result "1-0"]
[WhiteElo "2254"]
[BlackElo "2323"]
[PlyCount "87"]
[EventDate "2008.12.07"]
[SourceDate "2008.10.04"]

1. e4 e6 2. d4 d5 3. Nd2 Nf6 4. e5 Nfd7 5. Bd3 c5 6. c3 Nc6 7. Ne2 cxd4 8. cxd4
f6 9. exf6 Nxf6 10. Nf3 Bd6 11. O-O Qc7 12. g3 O-O 13. Bf4 Ng4 14. Qd2 Bd7 15.
Rac1 h6 16. Bb1 Bxf4 17. Nxf4 g5 18. Qd3 Rf5 19. h3 Nf6 20. Ng6 Be8 21. Nge5
Qb6 22. Qe3 Ne7 23. Qa3 Qd8 24. Bxf5 Nxf5 25. Qc5 Ne4 26. Qc7 Qxc7 27. Rxc7
Ned6 28. Re1 b6 29. Ng4 Nb5 30. Nf6+ Kf8 31. Nh7+ Kg8 32. Nf6+ Kf8 33. Rh7
Nfxd4 34. Nxd4 Nxd4 35. Rd1 Nf5 36. Nxe8 Rxe8 37. Rxa7 Re7 38. Rxe7 Kxe7 39.
Rc1 Kd7 40. Kf1 e5 41. a4 Nd4 42. Rd1 Kd6 43. Rxd4 exd4 44. Ke2 1-0

[Event "4NCL/Div1a/WRO1 vs. CAMB1"]
[Site "Hinckley Island ENG"]
[Date "2008.12.07"]
[Round "4.6"]
[White "Conlon, Joe"]
[Black "Barrett, Steve J"]
[Result "0-1"]
[WhiteElo "2212"]
[BlackElo "2226"]
[PlyCount "54"]
[EventDate "2008.12.07"]
[SourceDate "2008.10.04"]

1. e4 c5 2. Nf3 e6 3. d4 cxd4 4. Nxd4 Nf6 5. Nc3 d6 6. g4 e5 7. Nf5 h5 8. Bg5
hxg4 9. Nd5 Bxf5 10. Bxf6 gxf6 11. exf5 Rh4 12. Qd3 Bh6 13. Qb5+ Nd7 14. Qxb7
Kf8 15. Bg2 Rc8 16. Qxa7 Rxc2 17. b4 Kg7 18. O-O Bf4 19. Nxf4 exf4 20. Qd4 f3
21. Bxf3 Ne5 22. Bd5 Rc4 23. Qe3 Nf3+ 24. Bxf3 gxf3 25. Rfc1 Rcg4+ 26. Kf1 Qa8
27. Rc7 Qa6+ 0-1

[Event "4NCL/Div1a/WRO1 vs. CAMB1"]
[Site "Hinckley Island ENG"]
[Date "2008.12.07"]
[Round "4.7"]
[White "Adams, David M"]
[Black "Churm, Rohan M"]
[Result "1-0"]
[WhiteElo "2177"]
[BlackElo "2207"]
[PlyCount "107"]
[EventDate "2008.12.07"]
[SourceDate "2008.10.04"]

1. e4 e6 2. d4 d5 3. Nd2 Nf6 4. e5 Nfd7 5. Bd3 c5 6. c3 Nc6 7. Ngf3 g6 8. O-O
Bg7 9. Re1 O-O 10. Nf1 f6 11. exf6 Qxf6 12. Bg5 Qf7 13. Be3 cxd4 14. cxd4 e5
15. dxe5 Ndxe5 16. Be2 Nxf3+ 17. Bxf3 d4 18. Bxc6 bxc6 19. Bd2 Qxf2+ 20. Kh1
Rb8 21. b3 c5 22. Ng3 Bb7 23. Ne4 Bxe4 24. Rxe4 Rbe8 25. Re1 Be5 26. Bh6 Qh4
27. Rxe5 Rxe5 28. Bxf8 Kxf8 29. Qd2 Rh5 30. Rf1+ Kg7 31. h3 Qe4 32. Rf3 Re5 33.
Kh2 Rf5 34. Rxf5 Qxf5 35. g3 Qf3 36. b4 Qe3 37. Qg2 cxb4 38. Qb7+ Kh6 39. Qf7
Qe2+ 40. Kh1 Qe1+ 41. Kh2 Qe2+ 42. Kh1 d3 43. Qf8+ Kh5 44. Qf4 Qd1+ 45. Kg2
Qc2+ 46. Kh1 Qb1+ 47. Kh2 Qxa2+ 48. Kg1 Qb1+ 49. Kh2 Qc2+ 50. Kg1 Qc5+ 51. Kh2
g5 52. Qf7+ Kh6 53. Qf6+ Kh5 54. g4+ 1-0

[Event "4NCL/Div1a/WRO1 vs. CAMB1"]
[Site "Hinckley Island ENG"]
[Date "2008.12.07"]
[Round "4.8"]
[White "Broomfield, Lucy"]
[Black "Maroroa, Sue"]
[Result "0-1"]
[WhiteElo "1949"]
[BlackElo "1938"]
[PlyCount "78"]
[EventDate "2008.12.07"]
[SourceDate "2008.10.04"]

1. e4 e5 2. Nf3 Nc6 3. Bc4 Bc5 4. c3 Nf6 5. d3 a6 6. O-O d6 7. Bg5 h6 8. Bh4
Bg4 9. h3 Bh5 10. Nbd2 g5 11. Bg3 g4 12. hxg4 Nxg4 13. Nh2 Qg5 14. Ndf3 Qg7 15.
Qd2 Rg8 16. Nxg4 Bxg4 17. d4 exd4 18. Qf4 dxc3 19. bxc3 Na5 20. Nd2 Nxc4 21.
Nxc4 Be2 22. Ne3 Bxf1 23. Rxf1 O-O-O 24. Nf5 Qxc3 25. Ne7+ Kb8 26. Nxg8 Rxg8
27. Kh2 Qd3 28. Qxf7 Rg5 29. Re1 Qd2 30. Rg1 Qe2 31. Kh1 Qh5+ 32. Qxh5 Rxh5+
33. Bh2 Bxf2 34. g3 Rxh2+ 35. Kxh2 Bxg1+ 36. Kxg1 Kc8 37. Kf2 Kd7 38. Ke3 Ke6
39. Kd4 c5+ 0-1

[Event "4NCL/Div1a/SAMS vs. SWD1"]
[Site "Hinckley Island ENG"]
[Date "2008.12.07"]
[Round "4.1"]
[White "Rendle, Thomas E"]
[Black "Cobb, James E"]
[Result "1-0"]
[WhiteElo "2385"]
[BlackElo "2451"]
[PlyCount "103"]
[EventDate "2008.12.07"]
[SourceDate "2008.10.04"]

1. e4 e5 2. Nf3 Nc6 3. Bb5 a6 4. Ba4 Nf6 5. O-O Be7 6. Bxc6 dxc6 7. Qe1 Nd7 8.
b3 O-O 9. Bb2 Bf6 10. d3 Re8 11. Nbd2 Nf8 12. Nc4 Ng6 13. Qe3 b6 14. b4 Qe7 15.
Bc3 Bg4 16. h3 Bxf3 17. Qxf3 Bg5 18. a4 f6 19. g3 b5 20. Ne3 Bxe3 21. Qxe3 a5
22. Rfb1 axb4 23. Bxb4 Qd7 24. axb5 cxb5 25. Kg2 Nh8 26. Ra7 Rxa7 27. Qxa7 Nf7
28. Bd2 Nd8 29. Be3 h6 30. Qb8 c6 31. Ra1 Ne6 32. Qb6 Qc7 33. Qxc7 Nxc7 34. Ra7
Rc8 35. f4 exf4 36. gxf4 Kf8 37. f5 Ne8 38. Bb6 Kg8 39. Kf3 Rb8 40. Bc5 Rc8 41.
d4 Rd8 42. Ra6 Rc8 43. c3 g6 44. fxg6 Kg7 45. Bb4 Kxg6 46. d5 cxd5 47. exd5 Rd8
48. d6 Kg5 49. Rb6 f5 50. Rxb5 Kh4 51. Rd5 Kxh3 52. c4 1-0

[Event "4NCL/Div1a/SAMS vs. SWD1"]
[Site "Hinckley Island ENG"]
[Date "2008.12.07"]
[Round "4.2"]
[White "Cooper, John G"]
[Black "Krensing, Jan"]
[Result "1-0"]
[WhiteElo "2362"]
[BlackElo "2287"]
[PlyCount "79"]
[EventDate "2008.12.07"]
[SourceDate "2008.10.04"]

1. c4 e5 2. g3 Nf6 3. Bg2 d5 4. cxd5 Nxd5 5. Nf3 Nc6 6. O-O Nb6 7. d3 Be7 8.
Nbd2 Be6 9. a3 a5 10. b3 O-O 11. Bb2 f6 12. Qc2 Qd7 13. e3 Rfd8 14. d4 exd4 15.
Nxd4 Nxd4 16. Bxd4 c5 17. Bxc5 Rac8 18. b4 Na4 19. Ne4 Qb5 20. Rfd1 Rxd1+ 21.
Rxd1 b6 22. Nd6 Bxd6 23. Rxd6 Nxc5 24. Rxe6 axb4 25. axb4 Qxb4 26. Bd5 Kh8 27.
Re4 Qe1+ 28. Kg2 Rd8 29. Rh4 h6 30. Qf5 Qc3 31. Rd4 Rf8 32. Qg6 f5 33. Qd6 Rc8
34. Qxb6 Nd3 35. Be6 Ne1+ 36. Kh3 Rf8 37. Qd6 Re8 38. Qd7 Rf8 39. Qe7 Rb8 40.
Bxf5 1-0

[Event "4NCL/Div1a/SAMS vs. SWD1"]
[Site "Hinckley Island ENG"]
[Date "2008.12.07"]
[Round "4.3"]
[White "Martyn, Rafe"]
[Black "Morris, Charles F"]
[Result "1-0"]
[WhiteElo "2293"]
[BlackElo "2195"]
[PlyCount "105"]
[EventDate "2008.12.07"]
[SourceDate "2008.10.04"]

1. d4 e6 2. c4 d5 3. g3 dxc4 4. Bg2 c5 5. Nf3 Nc6 6. Qa4 Qa5+ 7. Qxa5 Nxa5 8.
Na3 cxd4 9. Nxd4 Bb4+ 10. Bd2 Bxd2+ 11. Kxd2 Bd7 12. Kc3 Ne7 13. Kb4 Nac6+ 14.
Nxc6 Bxc6 15. Bxc6+ Nxc6+ 16. Kxc4 Ke7 17. Kd3 Rhd8+ 18. Ke3 Nb4 19. Rhc1 Rac8
20. Rxc8 Rxc8 21. h4 a6 22. Kd2 h6 23. Ke3 Rc6 24. Kd2 Kf6 25. Ke3 Rc7 26. Kd2
Kf5 27. f3 Kg6 28. Ke3 f5 29. Kd2 Kh5 30. Ke3 e5 31. Rd1 Kg6 32. Rd6+ Kf7 33.
Nb1 Nxa2 34. Rb6 Ke7 35. Nd2 Nc1 36. g4 f4+ 37. Ke4 Rc2 38. Rxb7+ Kd6 39. Nb1
Rxe2+ 40. Kf5 Nd3 41. Nc3 Rxb2 42. Rxg7 Rc2 43. Ne4+ Kc6 44. Rg6+ Kb5 45. Rxh6
a5 46. g5 a4 47. g6 Rg2 48. Ng5 a3 49. Rh8 a2 50. Ra8 Nb4 51. g7 Nc6 52. Kf6
Na5 53. Rxa5+ 1-0

[Event "4NCL/Div1a/SAMS vs. SWD1"]
[Site "Hinckley Island ENG"]
[Date "2008.12.07"]
[Round "4.4"]
[White "Zeidler, Sven P"]
[Black "Williams, Samuel G"]
[Result "1/2-1/2"]
[WhiteElo "2224"]
[BlackElo "2218"]
[PlyCount "72"]
[EventDate "2008.12.07"]
[SourceDate "2008.10.04"]

1. e4 c5 2. Nc3 Nc6 3. f4 g6 4. Nf3 Bg7 5. Bb5 Nd4 6. O-O a6 7. Bd3 d6 8. Nxd4
cxd4 9. Ne2 Nf6 10. c3 Nd7 11. cxd4 Qb6 12. Kh1 Bxd4 13. Nxd4 Qxd4 14. Qf3 h5
15. Bc2 Nf6 16. Qf2 Qxf2 17. Rxf2 d5 18. d3 Bd7 19. Bd2 O-O 20. Bb4 Ng4 21. Re2
dxe4 22. h3 Bb5 23. hxg4 exd3 24. Bxd3 Bxd3 25. Re3 Bb5 26. gxh5 Rac8 27. Bxe7
Rfe8 28. Rae1 Rc2 29. Bf6 Rxe3 30. Rxe3 gxh5 31. Rg3+ Kf8 32. Rg5 Bc6 33. Kh2
Ke8 34. Kh3 Rf2 35. Re5+ Kd7 36. Re7+ Kd6 1/2-1/2

[Event "4NCL/Div1a/SAMS vs. SWD1"]
[Site "Hinckley Island ENG"]
[Date "2008.12.07"]
[Round "4.5"]
[White "Purton, Ben J"]
[Black "O'Neill, Paul"]
[Result "0-1"]
[WhiteElo "2106"]
[BlackElo "2204"]
[PlyCount "62"]
[EventDate "2008.12.07"]
[SourceDate "2008.10.04"]

1. e4 c5 2. Nf3 d6 3. Bb5+ Bd7 4. Bxd7+ Qxd7 5. c4 Nf6 6. Nc3 e6 7. d4 cxd4 8.
Nxd4 Be7 9. O-O O-O 10. Bg5 a6 11. Qd2 Qc7 12. Rac1 h6 13. Be3 Ng4 14. Bf4 Nd7
15. c5 Qb8 16. c6 Nde5 17. h3 Nf6 18. Rfd1 b5 19. c7 Qb7 20. Bxe5 dxe5 21. Nf3
Rac8 22. Nxe5 Rxc7 23. Qe2 Rfc8 24. a3 Nxe4 25. Qf3 Bg5 26. Nxe4 Rxc1 27. Rxc1
Rxc1+ 28. Kh2 Qc7 29. Nd6 f6 30. Nef7 Rc6 31. Qg3 e5 0-1

[Event "4NCL/Div1a/SAMS vs. SWD1"]
[Site "Hinckley Island ENG"]
[Date "2008.12.07"]
[Round "4.6"]
[White "James, David J"]
[Black "Coddington, Oliver"]
[Result "1-0"]
[WhiteElo "2137"]
[BlackElo "1975"]
[PlyCount "77"]
[EventDate "2008.12.07"]
[SourceDate "2008.10.04"]

1. Nf3 f5 2. d4 Nf6 3. c4 b6 4. g3 Bb7 5. Bg2 e6 6. O-O Be7 7. Nc3 O-O 8. d5
exd5 9. cxd5 Bb4 10. Nh4 Ne8 11. Qb3 Bd6 12. Bf4 Kh8 13. Bxd6 Nxd6 14. e4 Qf6
15. Nxf5 Nxf5 16. exf5 Qxf5 17. Be4 Qg4 18. Qc2 Na6 19. Rfe1 Rae8 20. a3 Qh5
21. b4 Qe5 22. Re3 Qh5 23. Rae1 c6 24. dxc6 Bxc6 25. Qe2 Qxe2 26. R1xe2 Nc7 27.
Bxc6 dxc6 28. Re7 Rc8 29. Rd7 Rfd8 30. Ree7 Rxd7 31. Rxd7 Kg8 32. Ne4 Nb5 33.
a4 Na3 34. Rxa7 c5 35. bxc5 bxc5 36. Nc3 c4 37. a5 Rb8 38. a6 Nb5 39. Rb7 1-0

[Event "4NCL/Div1a/SAMS vs. SWD1"]
[Site "Hinckley Island ENG"]
[Date "2008.12.07"]
[Round "4.7"]
[White "Makepeace, Philip J"]
[Black "Roberts, David L"]
[Result "1/2-1/2"]
[WhiteElo "2027"]
[BlackElo "2144"]
[PlyCount "94"]
[EventDate "2008.12.07"]
[SourceDate "2008.10.04"]

1. e4 e5 2. Nf3 Nc6 3. d4 exd4 4. Nxd4 Bc5 5. Be3 Qf6 6. c3 Nge7 7. g4 Ng6 8.
g5 Qe5 9. Nd2 Bb6 10. f3 d5 11. Bb5 Bd7 12. Qa4 O-O 13. O-O-O a6 14. Bxc6 bxc6
15. Qc2 Nf4 16. Nf1 c5 17. Nb3 c4 18. Nc5 Bxc5 19. Bxc5 Nd3+ 20. Rxd3 cxd3 21.
Qxd3 dxe4 22. Qe3 Rfe8 23. f4 Qd5 24. b3 a5 25. Ng3 Bg4 26. h3 Bf3 27. Rh2 Rad8
28. Bd4 Qd7 29. Kb2 Rc8 30. Be5 Qd3 31. Nf5 Qxe3 32. Nxe3 f6 33. gxf6 gxf6 34.
Bxf6 Kf7 35. Bg5 Re6 36. f5 Rd6 37. Nc4 Rd5 38. Ne3 Rd3 39. Kc2 Rg8 40. Bf4 c6
41. Rf2 Rdd8 42. h4 Rg1 43. Bg5 Bd1+ 44. Kb2 Rd3 45. Nc4 Rd5 46. Ne3 Rd3 47.
Nc4 Rd5 1/2-1/2

[Event "4NCL/Div1a/SAMS vs. SWD1"]
[Site "Hinckley Island ENG"]
[Date "2008.12.07"]
[Round "4.8"]
[White "Blackburn, Suzie"]
[Black "Milson, Amy"]
[Result "1-0"]
[WhiteElo "1883"]
[BlackElo "1570"]
[PlyCount "81"]
[EventDate "2008.12.07"]
[SourceDate "2008.10.04"]

1. d4 Nf6 2. Nf3 e6 3. Bg5 Be7 4. Nbd2 O-O 5. e4 h6 6. Bf4 d6 7. c3 b6 8. Bd3
Bb7 9. O-O c5 10. Qe2 cxd4 11. cxd4 Nc6 12. a3 Qd7 13. Rfe1 Rfd8 14. Bb1 e5 15.
Be3 Rac8 16. d5 Nb8 17. h3 Ba6 18. Bd3 Qa4 19. Rac1 Nfd7 20. b3 Bxd3 21. Qxd3
Qxa3 22. Ra1 Qb2 23. Nc4 Qxa1 24. Rxa1 b5 25. Na5 a6 26. Ne1 Rc7 27. Rc1 Rdc8
28. Rxc7 Rxc7 29. Nc2 Nc5 30. Bxc5 Rxc5 31. Nb4 Bg5 32. Kh2 h5 33. Nac6 Nxc6
34. dxc6 a5 35. Qxd6 Rc1 36. Qb8+ Kh7 37. c7 Rf1 38. Nd3 Bf6 39. c8=Q g6 40.
Qg8+ Kh6 41. Qxf7 1-0

[Event "4NCL/Div1a/GUI2 vs. SWD1"]
[Site "Hinckley Island ENG"]
[Date "2009.03.21"]
[Round "7.1"]
[White "Plaskett, James"]
[Black "Cobb, James E"]
[Result "1/2-1/2"]
[WhiteElo "2491"]
[BlackElo "2440"]
[PlyCount "41"]
[EventDate "2009.03.21"]
[EventType "team"]
[EventRounds "11"]
[EventCountry "ENG"]
[SourceDate "2008.10.04"]

1. e4 e5 2. Nf3 Nc6 3. Bb5 a6 4. Ba4 Nf6 5. O-O Be7 6. Re1 b5 7. Bb3 O-O 8. a4
Bb7 9. d3 d6 10. Nbd2 Na5 11. Ba2 c5 12. c3 h6 13. Nf1 c4 14. Ng3 Re8 15. d4
Qc7 16. h3 Bf8 17. d5 Bc8 18. axb5 axb5 19. Be3 Bd7 20. Qd2 Nb7 21. b4 1/2-1/2

[Event "4NCL/Div1a/GUI2 vs. SWD1"]
[Site "Hinckley Island ENG"]
[Date "2009.03.21"]
[Round "7.2"]
[White "Cooper, John G"]
[Black "Shaw, John K"]
[Result "1-0"]
[WhiteElo "2362"]
[BlackElo "2464"]
[PlyCount "129"]
[EventDate "2009.03.21"]
[EventType "team"]
[EventRounds "11"]
[EventCountry "ENG"]
[SourceDate "2008.10.04"]

1. c4 e5 2. g3 Nf6 3. Bg2 c6 4. d4 Bb4+ 5. Bd2 Bxd2+ 6. Qxd2 d6 7. Nc3 O-O 8.
e4 Qe7 9. Nge2 a6 10. O-O b5 11. c5 dxc5 12. dxe5 Ng4 13. f4 Rd8 14. Qc1 c4 15.
Nd1 Qa7+ 16. Kh1 Rd3 17. h3 Ne3 18. Nxe3 Rxe3 19. Rd1 Nd7 20. Nd4 Rxg3 21. Nf5
Rxg2 22. Kxg2 Nf8 23. Qc3 Qc7 24. Rd6 Ng6 25. Qg3 Bxf5 26. exf5 Ne7 27. Qg4 Nd5
28. Re1 Kh8 29. Kh2 f6 30. Rg1 Ne3 31. Qh5 Nd5 32. Qg4 Ne3 33. Qh5 Nd5 34. Qf3
Re8 35. Qg3 Re7 36. exf6 Qxd6 37. fxe7 Qxe7 38. Re1 Qf7 39. Re5 Kg8 40. Qe1 Kf8
41. Qf2 Qd7 42. Qd4 Kf7 43. Re6 Qc7 44. Kg3 Nf6 45. Kf3 Nd5 46. Qe5 Qb7 47. Qd6
Ne7 48. Kg4 c5 49. Re2 b4 50. Qe6+ Kf8 51. f6 gxf6 52. Qxf6+ Ke8 53. Qh8+ Kf7
54. Qxh7+ Kf8 55. Qh6+ Kf7 56. Qe6+ Kf8 57. Qh6+ Kf7 58. Qe6+ Kf8 59. Qxc4 Nd5
60. Qxc5+ Kf7 61. Qd6 Qc8+ 62. Kg3 Qf5 63. Qe5 Qd3+ 64. Kh2 Qf3 65. Qf5+ 1-0

[Event "4NCL/Div1a/GUI2 vs. SWD1"]
[Site "Hinckley Island ENG"]
[Date "2009.03.21"]
[Round "7.3"]
[White "Tissir, Mohamed"]
[Black "Dineley, Richard D P"]
[Result "1-0"]
[WhiteElo "2466"]
[BlackElo "2275"]
[PlyCount "63"]
[EventDate "2009.03.21"]
[EventType "team"]
[EventRounds "11"]
[EventCountry "ENG"]
[SourceDate "2008.10.04"]

1. e4 c5 2. Nf3 d6 3. d4 cxd4 4. Nxd4 Nf6 5. Nc3 a6 6. Be3 e6 7. f3 Be7 8. Qd2
Nc6 9. O-O-O O-O 10. g4 Nxd4 11. Qxd4 b5 12. h4 Bb7 13. h5 Nd7 14. h6 e5 15.
Qd2 g6 16. Kb1 Rc8 17. a3 Nb6 18. Qf2 Nc4 19. Bxc4 Rxc4 20. Nd5 Bxd5 21. Rxd5
Qc7 22. Rhd1 Rc8 23. c3 Qb7 24. Bb6 Bf8 25. Qe3 Qe7 26. Rxd6 Qxd6 27. Rxd6 Bxd6
28. Qg5 R4c6 29. Be3 Bb8 30. Qe7 Re6 31. Qd7 Rce8 32. Bc5 1-0

[Event "4NCL/Div1a/GUI2 vs. SWD1"]
[Site "Hinckley Island ENG"]
[Date "2009.03.21"]
[Round "7.4"]
[White "Morris, Charles F"]
[Black "Cherniaev, Alexander"]
[Result "1/2-1/2"]
[WhiteElo "2189"]
[BlackElo "2438"]
[PlyCount "51"]
[EventDate "2009.03.21"]
[EventType "team"]
[EventRounds "11"]
[EventCountry "ENG"]
[SourceDate "2008.10.04"]

1. c4 g6 2. g3 Bg7 3. Bg2 d6 4. Nc3 Nf6 5. d4 O-O 6. Nf3 Nbd7 7. O-O a6 8. Qc2
c5 9. Rd1 Rb8 10. dxc5 Nxc5 11. e4 Bg4 12. Be3 Nfd7 13. h3 Bxf3 14. Bxf3 b5 15.
cxb5 axb5 16. b4 Ne6 17. Rac1 Ne5 18. Be2 Qd7 19. Nd5 Kh8 20. f4 Rfc8 21. Qb3
Rxc1 22. Rxc1 Nc6 23. Bg4 f5 24. exf5 Ned4 25. f6 Nxb3 26. fxg7+ 1/2-1/2

[Event "4NCL/Div1a/GUI2 vs. SWD1"]
[Site "Hinckley Island ENG"]
[Date "2009.03.21"]
[Round "7.6"]
[White "Smith, Jeffrey R"]
[Black "Buckley, Graeme"]
[Result "0-1"]
[WhiteElo "2209"]
[BlackElo "2399"]
[PlyCount "61"]
[EventDate "2009.03.21"]
[EventType "team"]
[EventRounds "11"]
[EventCountry "ENG"]
[SourceDate "2008.10.04"]

1. e4 e6 2. d4 d5 3. Nd2 Nf6 4. e5 Nfd7 5. f4 c5 6. c3 Nc6 7. Ndf3 Qb6 8. g3
cxd4 9. cxd4 f6 10. Bh3 Bb4+ 11. Kf1 O-O 12. Kg2 Kh8 13. Ne2 fxe5 14. fxe5
Ndxe5 15. dxe5 Nxe5 16. Rf1 Nxf3 17. Rxf3 Rxf3 18. Kxf3 e5 19. Bxc8 Rxc8 20.
Qxd5 Rf8+ 21. Bf4 exf4 22. Nxf4 Qf6 23. h4 Bd6 24. Qg5 Qxb2 25. Rd1 h6 26. Qd5
Bxf4 27. gxf4 Qh2 28. Qe5 Qh3+ 29. Ke4 Qg2+ 30. Kd4 Rd8+ 31. Kc3 0-1

[Event "4NCL/Div1a/GUI2 vs. SWD1"]
[Site "Hinckley Island ENG"]
[Date "2009.03.21"]
[Round "7.7"]
[White "Povah, Nigel E"]
[Black "James, David J"]
[Result "1-0"]
[WhiteElo "2324"]
[BlackElo "2123"]
[PlyCount "151"]
[EventDate "2009.03.21"]
[EventType "team"]
[EventRounds "11"]
[EventCountry "ENG"]
[SourceDate "2008.10.04"]

1. d4 Nf6 2. Bg5 e6 3. e4 h6 4. Bxf6 Qxf6 5. Qd2 d6 6. Nc3 c6 7. f4 e5 8. dxe5
dxe5 9. f5 Bb4 10. Nf3 Nd7 11. a3 Ba5 12. Bc4 Qe7 13. b4 Bc7 14. O-O Nf6 15.
Kh1 Bd7 16. Qe1 b5 17. Bb3 a5 18. Qg3 O-O 19. Rad1 Rfd8 20. Rd3 axb4 21. axb4
Be8 22. Rxd8 Rxd8 23. Rb1 Kf8 24. Ba2 Bd6 25. Qh4 Bxb4 26. Ne2 Bd6 27. Ng3 Bc7
28. Nh5 Nxh5 29. Qxh5 f6 30. Qg4 Bf7 31. Nh4 Kg8 32. Ng6 Qc5 33. Bxf7+ Kxf7 34.
Qe2 Bb6 35. h3 Qe3 36. Qh5 Kg8 37. Ne7+ Kh8 38. Nxc6 Ra8 39. Qg4 Qc5 40. Nb4
Qd4 41. Kh2 Ra1 42. c3 Qxc3 43. Nd5 Qd4 44. Rxa1 Qxa1 45. Nxb6 Qd4 46. Nd5 b4
47. Qe2 b3 48. Ne7 Qb4 49. Nd5 Qd4 50. Qb5 Qxe4 51. Qxb3 Qxf5 52. Qc4 e4 53.
Qd4 Kh7 54. Nc3 Qe6 55. Qxe4+ Qxe4 56. Nxe4 f5 57. Nd6 Kg6 58. Kg3 Kf6 59. h4
Ke5 60. Ne8 g5 61. h5 Ke6 62. Kf3 Ke7 63. Nc7 Kd6 64. Nb5+ Ke5 65. Nc3 Kd4 66.
Ne2+ Ke5 67. g3 Kd5 68. Nc1 Kd4 69. Nb3+ Ke5 70. Nc5 Kd6 71. Nd3 Ke6 72. Nf2
Ke5 73. g4 f4 74. Nh3 Kf6 75. Ke4 Ke6 76. Ng1 1-0

[Event "4NCL/Div1a/GUI2 vs. SWD1"]
[Site "Hinckley Island ENG"]
[Date "2009.03.21"]
[Round "7.8"]
[White "Wilson, Julie"]
[Black "Sandu, Mihaela"]
[Result "0-1"]
[WhiteElo "1916"]
[BlackElo "2285"]
[PlyCount "70"]
[EventDate "2009.03.21"]
[EventType "team"]
[EventRounds "11"]
[EventCountry "ENG"]
[SourceDate "2008.10.04"]

1. d4 f5 2. c4 Nf6 3. Nc3 d6 4. Bg5 Nbd7 5. g3 g6 6. Bg2 Bg7 7. e4 fxe4 8. Nxe4
c6 9. Ne2 O-O 10. O-O Nxe4 11. Bxe4 Nf6 12. Bg2 Bg4 13. f3 Bd7 14. Qb3 Rb8 15.
Rfe1 Kh8 16. Nf4 Ng8 17. Rad1 Rf5 18. Nh3 b5 19. c5 Qf8 20. Bf4 Rd5 21. Ng5 h6
22. Ne6 Bxe6 23. Rxe6 Qf5 24. Re4 Rd8 25. cxd6 exd6 26. g4 Qd7 27. Bg3 Nf6 28.
Re3 c5 29. dxc5 dxc5 30. Rxd5 Nxd5 31. Re1 Bd4+ 32. Bf2 Nf4 33. Bf1 Bxf2+ 34.
Kxf2 Qd2+ 35. Be2 Nd3+ 0-1

[Event "4NCL/Div1a/WRO1 vs. BAR1"]
[Site "Hinckley Island ENG"]
[Date "2009.03.21"]
[Round "7.1"]
[White "Wells, Peter K"]
[Black "Turner, Matthew J"]
[Result "0-1"]
[WhiteElo "2513"]
[BlackElo "2512"]
[PlyCount "78"]
[EventDate "2009.03.21"]
[EventType "team"]
[EventRounds "11"]
[EventCountry "ENG"]
[SourceDate "2008.10.04"]

1. Nf3 Nf6 2. c4 c5 3. Nc3 g6 4. d4 cxd4 5. Nxd4 Bg7 6. e4 d6 7. Be2 O-O 8. O-O
a6 9. Be3 b6 10. Bf3 Ra7 11. a4 Rc7 12. Qb3 Nfd7 13. Nd5 Rb7 14. Rfd1 e6 15.
Nc3 Rc7 16. Be2 Bb7 17. Nf3 Nc5 18. Qxb6 Nxe4 19. Nxe4 Bxe4 20. Bf4 Bxf3 21.
Bxf3 Rxc4 22. Qxd6 Qxd6 23. Bxd6 Re8 24. g3 Nd7 25. Be2 Rc6 26. Rac1 Rxc1 27.
Rxc1 Bxb2 28. Rb1 Bd4 29. Bxa6 Ra8 30. Bb5 Nb6 31. Rd1 e5 32. Bc6 Rd8 33. Bc7
Bxf2+ 34. Kxf2 Rxd1 35. Bxb6 Rd6 36. a5 Rxc6 37. Ke3 f5 38. Kd3 Kf7 39. Be3 Ke6
0-1

[Event "4NCL/Div1a/WRO1 vs. BAR1"]
[Site "Hinckley Island ENG"]
[Date "2009.03.21"]
[Round "7.2"]
[White "D'Costa, Lorin A R"]
[Black "McNab, Colin"]
[Result "1/2-1/2"]
[WhiteElo "2445"]
[BlackElo "2473"]
[PlyCount "46"]
[EventDate "2009.03.21"]
[EventType "team"]
[EventRounds "11"]
[EventCountry "ENG"]
[SourceDate "2008.10.04"]

1. e4 g6 2. d4 d6 3. Nf3 Bg7 4. c3 Nf6 5. Bd3 O-O 6. O-O Nc6 7. b4 a6 8. a4 e5
9. d5 Ne7 10. c4 Ne8 11. a5 f5 12. Nc3 h6 13. Nd2 f4 14. c5 g5 15. Ba3 Ng6 16.
Be2 Rf7 17. Rc1 Bf8 18. Bg4 Bxg4 19. Qxg4 f3 20. Nxf3 Nf6 21. Qg3 Nh5 22. Qg4
Nf6 23. Qg3 Nh5 1/2-1/2

[Event "4NCL/Div1a/WRO1 vs. BAR1"]
[Site "Hinckley Island ENG"]
[Date "2009.03.21"]
[Round "7.3"]
[White "Gourlay, Iain"]
[Black "Collinson, Adam"]
[Result "1/2-1/2"]
[WhiteElo "2362"]
[BlackElo "2389"]
[PlyCount "30"]
[EventDate "2009.03.21"]
[EventType "team"]
[EventRounds "11"]
[EventCountry "ENG"]
[SourceDate "2008.10.04"]

1. Nf3 Nf6 2. g3 g6 3. Bg2 Bg7 4. c4 d6 5. Nc3 e5 6. O-O Nc6 7. d3 O-O 8. Rb1
a5 9. a3 Nd4 10. Nxd4 exd4 11. Nb5 Ne8 12. e3 dxe3 13. Bxe3 c6 14. Nc3 Nf6 15.
Bd4 Bf5 1/2-1/2

[Event "4NCL/Div1a/WRO1 vs. BAR1"]
[Site "Hinckley Island ENG"]
[Date "2009.03.21"]
[Round "7.4"]
[White "Devereaux, Maxim"]
[Black "Palliser, Richard"]
[Result "1-0"]
[WhiteElo "2437"]
[BlackElo "2406"]
[PlyCount "91"]
[EventDate "2009.03.21"]
[EventType "team"]
[EventRounds "11"]
[EventCountry "ENG"]
[SourceDate "2008.10.04"]

1. d4 Nf6 2. c4 e6 3. Nc3 Bb4 4. e3 c5 5. Nf3 b6 6. Bd3 Bb7 7. Bd2 cxd4 8. Nxd4
O-O 9. O-O d5 10. a3 Be7 11. cxd5 Nxd5 12. Qc2 h6 13. Rfd1 Bf6 14. Nf3 Nd7 15.
Nxd5 exd5 16. Bb4 Re8 17. Rac1 Rc8 18. Qb1 a5 19. Rxc8 Bxc8 20. Be1 Nc5 21. Bb5
Re7 22. b4 axb4 23. axb4 Ne4 24. Qb3 Be6 25. Nd4 Bxd4 26. Rxd4 Qa8 27. Qb2 Ra7
28. Rd1 Ra2 29. Qe5 Qc8 30. Bd3 Bg4 31. Ra1 Rxa1 32. Qxa1 Bf5 33. f3 Ng5 34.
Bf1 f6 35. Qd4 Qb7 36. Qf4 Bb1 37. Bg3 Ne6 38. Qd6 Kf7 39. Bb5 Ba2 40. h4 Bc4
41. Bd7 d4 42. e4 Nf8 43. Bc6 Qe7 44. Qxd4 b5 45. Bd6 Qe6 46. Qa7+ 1-0

[Event "4NCL/Div1a/WRO1 vs. BAR1"]
[Site "Hinckley Island ENG"]
[Date "2009.03.21"]
[Round "7.5"]
[White "Adams, David M"]
[Black "Ferguson, Mark"]
[Result "0-1"]
[WhiteElo "2191"]
[BlackElo "2404"]
[PlyCount "86"]
[EventDate "2009.03.21"]
[EventType "team"]
[EventRounds "11"]
[EventCountry "ENG"]
[SourceDate "2008.10.04"]

1. e4 e5 2. Nf3 Nc6 3. Bb5 a6 4. Bxc6 dxc6 5. Nc3 Bd6 6. d4 exd4 7. Qxd4 f6 8.
Be3 Ne7 9. O-O-O Ng6 10. h3 Qe7 11. Qd2 O-O 12. Rhe1 Qf7 13. Kb1 Re8 14. Nd4 a5
15. f3 a4 16. Nce2 Ne5 17. Qc3 Nc4 18. Bc1 Bd7 19. Nf5 Bxf5 20. exf5 Be5 21.
Qd3 Ra5 22. Nd4 Rd8 23. Qe4 Rad5 24. c3 Nd6 25. Qc2 Bxd4 26. Rxd4 Rxd4 27. cxd4
Qd5 28. Qxa4 Nxf5 29. Qb4 b6 30. Be3 c5 31. Qa4 cxd4 32. Bf4 c6 33. Bc7 b5 34.
Qa3 Ne3 35. Qd3 Ra8 36. b3 Nxg2 37. Re4 c5 38. Qxb5 Kf7 39. Bd6 Rd8 40. Qxc5
Qxd6 41. Qh5+ Kf8 42. Qxh7 Nf4 43. Qf5 d3 0-1

[Event "4NCL/Div1a/WRO1 vs. BAR1"]
[Site "Hinckley Island ENG"]
[Date "2009.03.21"]
[Round "7.6"]
[White "Knott, Simon"]
[Black "Barrett, Steve J"]
[Result "1/2-1/2"]
[WhiteElo "2349"]
[BlackElo "2234"]
[PlyCount "80"]
[EventDate "2009.03.21"]
[EventType "team"]
[EventRounds "11"]
[EventCountry "ENG"]
[SourceDate "2008.10.04"]

1. Nf3 Nf6 2. c4 g6 3. Nc3 Bg7 4. e4 d6 5. d4 O-O 6. Be2 Bg4 7. Be3 Nfd7 8. Rc1
c5 9. d5 Na6 10. O-O Nc7 11. h3 Bxf3 12. Bxf3 a6 13. a4 e6 14. Qd2 exd5 15.
exd5 f5 16. b3 Ne5 17. Bd1 Nf7 18. Bc2 Qh4 19. f4 Rae8 20. Bf2 Qf6 21. Bd3 a5
22. Kh1 b6 23. Ne2 Kh8 24. Ng1 Qb2 25. Qxb2 Bxb2 26. Rce1 Bc3 27. Rxe8 Rxe8 28.
Ne2 Bd2 29. Rd1 Bb4 30. g3 Kg7 31. Kg2 h5 32. Kf3 Nh6 33. Be3 Re7 34. Bc1 Kf7
35. Bb2 Ne8 36. Nc3 Bxc3 37. Bxc3 Nf6 38. Re1 Rxe1 39. Bxe1 Ke7 40. Bc3 Kf7
1/2-1/2